Alle Länder der Welt auf einer click Map | Deutsch - Statistiken

Allgemein
  • Dieses Quiz wurde 351 mal gespielt
  • Das Durchschnittsergebnis liegt bei 55 aus 196
Antworten auf der Karte
Die Antworten werden auf der Karte rot bzw. grün angezeigt, abhängig davon wie oft sie richtig erraten wurden.
 
Antwortstatistiken
Antwort % Korrekt
Ägypten
58%
Algerien
54%
Irland
53%
Norwegen
52%
Schweiz
50%
Kanada
49%
Argentinien
46%
Brasilien
46%
Costa Rica
46%
Deutschland
46%
Niederlande
45%
Island
44%
Peru
44%
Afghanistan
43%
Dänemark
43%
Spanien
43%
Mexiko
42%
Russland
42%
Albanien
41%
Chile
41%
Malta
41%
Italien
41%
Pakistan
41%
Vereinigte Staaten
41%
Aserbaidschan
40%
Litauen
40%
Polen
40%
Luxemburg
39%
Portugal
39%
Südafrika
39%
Belgien
38%
Estland
38%
Frankreich
38%
Madagaskar
38%
Finnland
37%
Griechenland
37%
Marokko
37%
Schweden
37%
Türkei
37%
Vereinigtes Königreich
37%
Australien
36%
Belarus
36%
Österreich
36%
Tschechien
36%
Bahamas
35%
Kasachstan
35%
Ukraine
35%
Äthiopien
34%
China
34%
Irak
34%
Iran
34%
Rumänien
34%
Saudi-Arabien
34%
Slowakei
34%
Bosnien und Herzegowina
33%
Indien
33%
Indonesien
33%
Kroatien
33%
Kuba
33%
Paraguay
33%
Slowenien
33%
Tunesien
33%
Bolivien
32%
Bulgarien
32%
Lettland
32%
Oman
32%
Südkorea
32%
Vereinigte Arabische Emirate
32%
Angola
31%
Armenien
31%
Ecuador
31%
Israel
31%
Kolumbien
31%
Libyen
31%
Mali
31%
Niger
31%
Panama
31%
Papua-Neuguinea
31%
Sudan
31%
Nigeria
30%
Somalia
30%
Südsudan
30%
Turkmenistan
30%
Jamaika
29%
Japan
29%
Jemen
29%
Moldawien
29%
Montenegro
29%
Namibia
29%
Ruanda
29%
Syrien
29%
Uruguay
29%
Venezuela
29%
Zypern
29%
Äquatorialguinea
28%
Demokratische Republik Kongo
28%
Elfenbeinküste
28%
Georgien
28%
Kosovo
28%
Mauretanien
28%
Nordmazedonien
28%
Tschad
28%
Ungarn
28%
Eritrea
27%
Eswatini
27%
Katar
27%
Mongolei
27%
Mosambik
27%
Neuseeland
27%
Nordkorea
27%
Philippinen
27%
Serbien
27%
Sri Lanka
27%
Bangladesch
26%
Botsuana
26%
Burkina Faso
26%
Dominikanische Republik
26%
El Salvador
26%
Ghana
26%
Haiti
26%
Jordanien
26%
Kap Verde
26%
Malediven
26%
São Tomé und Príncipe
26%
Taiwan
26%
Tansania
26%
Zentralafrikanische Republik
26%
Belize
25%
Lesotho
25%
Osttimor
25%
Tadschikistan
25%
Thailand
25%
Dschibuti
24%
Guyana
24%
Kambodscha
24%
Kongo
24%
Malaysia
24%
Nepal
24%
Senegal
24%
Seychellen
24%
Benin
23%
Guatemala
23%
Kenia
23%
Kirgistan
23%
Laos
23%
Libanon
23%
Nicaragua
23%
Simbabwe
23%
Togo
23%
Kamerun
22%
Suriname
22%
Vietnam
22%
Andorra
21%
Guinea
21%
Guinea-Bissau
21%
Honduras
21%
Komoren
21%
Kuwait
21%
Liberia
21%
Malawi
21%
Myanmar
21%
Sierra Leone
21%
Trinidad und Tobago
21%
Uganda
21%
Usbekistan
21%
Gabun
20%
Gambia
20%
Mauritius
20%
Sambia
20%
Bhutan
19%
Burundi
19%
Föderierte Staaten von Mikronesien
18%
Kiribati
15%
Bahrein
14%
Brunei
14%
Nauru
13%
Palau
13%
Fidschi
12%
Marshallinseln
11%
Salomonen
11%
Singapur
11%
Liechtenstein
9%
Barbados
8%
Samoa
8%
Tonga
8%
San Marino
7%
Monaco
6%
Tuvalu
6%
Vanuatu
6%
Antigua und Barbuda
5%
Dominica
5%
Grenada
5%
St. Kitts und Nevis
4%
St. Vincent und die Grenadinen
4%
Vatikanstadt
4%
St. Lucia
3%
Keine übereinstimmenden Quizze gefunden
Verteilung der Resultate
Anzahl Personen mit jedem Resultat
Perzentil nach korrekt beantworteten Fragen
Ihre Resultats-Entwicklung
Sie haben dieses Quiz noch nicht gespielt